书目信息 |
| 题名: |
包装设计的视觉艺术
|
|
| 作者: | 聂燕 著 | |
| 分册: | ||
| 出版信息: | 北京 中国纺织出版社 2018 |
|
| 页数: | 178页 | |
| 开本: | 24cm | |
| 丛书名: | ||
| 单 册: | ||
| 中图分类: | TB482 | |
| 科图分类: | ||
| 主题词: | 包装设计--bao zhuang she ji--视觉艺术 | |
| 电子资源: | ||
| ISBN: | 978-7-5180-2166-6 | |
| 000 | 01022nam0 2200265 450 | |
| 001 | 012001008465 | |
| 005 | 20131023080048.0 | |
| 010 | @a978-7-5180-2166-6@dCNY58.00 | |
| 099 | @aCAL 012018029107 | |
| 100 | @a20180324d2018 em y0chiy50 ea | |
| 101 | 0 | @achi |
| 102 | @aCN@b110000 | |
| 105 | @aak a 000yy | |
| 106 | @ar | |
| 200 | 1 | @a包装设计的视觉艺术@Abao zhuang she ji de shi jue yi shu@f聂燕著 |
| 210 | @a北京@c中国纺织出版社@d2018 | |
| 215 | @a178页@c图@d24cm | |
| 320 | @a有书目 (第177-178页) | |
| 330 | @a本书围绕产品设计的包装形式及其视觉艺术进行专门的研究。正文内容从概述性的基础理论入手,分别研究了包装设计的流程,包装印刷工艺的流程,包装设计中的文字、色彩、图形、编排等平面视觉语言的手法,包装设计中的材料、结构、形式的等空间视觉语言的方法,以及上述理论在各类包装中的应用实践。 | |
| 333 | @a本书适用于包装设计人员 | |
| 606 | 0 | @a包装设计@Abao zhuang she ji@x视觉艺术 |
| 690 | @aTB482@v5 | |
| 701 | 0 | @a聂燕@Anie yan@4著 |
| 801 | 2 | @aCN@b上海新华@c20191020 |
| 905 | @b1178526-9@dTB482@e457@f4 | |
| 包装设计的视觉艺术/聂燕著.-北京:中国纺织出版社,2018 |
| 178页:图;24cm |
| 使用对象:本书适用于包装设计人员 |
| ISBN 978-7-5180-2166-6:CNY58.00 |
| 本书围绕产品设计的包装形式及其视觉艺术进行专门的研究。正文内容从概述性的基础理论入手,分别研究了包装设计的流程,包装印刷工艺的流程,包装设计中的文字、色彩、图形、编排等平面视觉语言的手法,包装设计中的材料、结构、形式的等空间视觉语言的方法,以及上述理论在各类包装中的应用实践。 |
| ● |
| 相关链接 |
|
|
|
|
正题名:包装设计的视觉艺术
索取号:TB482/457
 
预约/预借
| 序号 | 登录号 | 条形码 | 馆藏地/架位号 | 状态 | 备注 |
| 1 | 1178526 | 211785264 | 第二样本阅览室/ [索取号:TB482/457] | 在馆 | |
| 2 | 1178527 | 211785273 | 第三借阅区/ [索取号:TB482/457] | 在馆 | |
| 3 | 1178528 | 211785282 | 第三借阅区/ [索取号:TB482/457] | 在馆 | |
| 4 | 1178529 | 211785291 | 第三借阅区/ [索取号:TB482/457] | 在馆 |